000 00638nam a2200217 a 4500
999 _c2640
_d2640
001 2640
003 BD-JhCC
005 20171107132656.0
008 171105s1371 bg |||| ||a| 000 0 ben d
035 _a(BD-JhCC)2640
040 _aBD-JhCC
_dBD-JhCC
041 _aben
082 _a891.443
_bRAJ 1371
100 _aরাজগুরু, শক্তিপদ
245 _aমনি বেগম /
_cশক্তিপদ রাজগুরু,
260 _aঢাকা :
_bখায়রুল আলম চৌধুরী,
_c1371
300 _a251 p. :
_c22 cm.
650 _aBengali Novel
942 _2ddc
_cBK